1280 1126 1502 1264 1266 1143 1264 1862 1614 1947 1456 1554 1024 1681 1216 1184 1456 1908 1230 1073 1420 1805 1163 1141 1187 1279 1656 1568 1614 1643 1222 1326 1138 1636 1406 1866 1927 1510 1337 1868 1739 1168 1981 1075 1985 1425 1546 1885 1986 1053 1230 1218 1590 1247 1379 1453 1261 1513 1357 1837 1307 1548 1013 1539 1955 1390 1512 1341 1335 1030 1703 1832 1104 1207 1934 1804 1306 1094 1785 1317 1225 1924 1314 1840 1853 1364 1353 1521 1541 1920 1772 1715 1073 1397 1442 1598 1421 1406 1786 BCNSPRNW ULIB Ver.6.0+V

เปลี่ยนเป็นภาษาไทย

Change to English
 แสดงรายละเอียดบรรณานุกรม
  กลับหน้าหลัก

Brief Record : Get Marc (ISO 2709) : E-mail record : QR code < ปิดหน้าต่าง
LEADER : 00000nam 2200000uu 4500
001    13399126250
003     ULIB
008    180827s2560||||th 000 0 tha d
020    ^a9789990122947
040    ^abcn
060 04 ^aWY157^bก437
245 10 ^aการพยาบาลและการผดุงครรภ์ : สตรีที่มีภาวะแทรกซ้อน / ^cบรรณาธิการ,นันทพร แสนศิริพันธ์, ฉวี เบาทรวง
250    ^aพิมพ์ครั้งที่ 1.
260    ^aเชียงใหม่ :^bโครงการตำรา คณะพยาบาลศาสตร์ มหาวิทยาลัยเชียงใหม่,^c2560.
300    ^a372 หน้า :^bภาพประกอบ ;^c26 ซม.
504    ^aมีบรรณานุกรมและดรรชนี
505 0  ^aบทที่ 1 การพยาบาลสตรีที่มีภาวะตกเลือดในระยะตั้งครรภ์ -- บทที่ 2 การพยาบาลสตรีที่มีภาวะความดันโลหิตสูงขณะตั้งครรภ์ -- บทที่ 3 การพยาบาลสตรีที่มีภาวะแทรกซ้อนทางอายุรกรรม -- บทที่ 4 การพยาบาลสตรีที่มีภาวะถุงน้ำคร่ำแตกก่อนการเจ็บครรภ์และภาวะเจ็บครรภ์คลอดก่อนกำหนด -- บทที่ 5 การพยาบาลสตรีที่มีภาวะครรภ์แฝดน้ำ ภาวะน้ำคร่ำน้อยภาวะทารกเจริญเติบโตช้าในครรภ์และภาวะอาเจียนรุนแรง -- บทที่ 6 การพยาบาลสตรีมีครรภ์วัยรุ่นสตรีมีครรภ์สูงวัยสตรีมีครรภ์ไม่พึงประสงค์ สตรีมีครรภ์ที่ใช้สารเสพติด และสตรีมีครรภ์ที่ถูกกระทำรุนแรง -- บทที่ 7 การพยาบาลสตรีที่มีความผิดปกติของการคลอด -- บทที่ 8 การพยาบาลสตรีที่มีภาวะแทรกซ้อนฉุกเฉินทางสูติศาสตร์ -- บทที่ 9 การพยาบาลสตรีที่ได้รับการช่วยคลอดด้วยสูติศาสตร์หัตถการ -- บทที่ 10 การพยาบาลสตรีที่มีภาวะแทรกซ้อนในระยะหลังคลอด -- บทที่ 11 การพยาบาลสตรีที่มีความผิดปกติด้านจิตใจในระยะหลังคลอด -- บทที่ 12 การพยาบาลสตรีที่มีบุตรผิดปกติหรือเสียชีวิต
650  4 ^aการคลอด
650  4 ^aการพยาบาลสูติศาสตร์
650  4 ^aความเจ็บปวด
700 0  ^aนันทพร แสนศิริพันธ์,^eบรรณาธิการ
700 0  ^aฉวี เบาทรวง,^eบรรณาธิการ
710 2  ^aมหาวิทยาลัยเชียงใหม่. ^bคณะพยาบาลศาสตร์
945    ^p300^l0^i004387
945    ^p300^l0^i004388
999    ^aประนอม เกษจรัล
รายการนี้ยังไม่มีแท็ก
คุณยังไม่ได้ล็อกอิน คุณสามารถมีกิจกรรมร่วมกับเว็บไซต์ได้ แต่ต้องล็อกอินก่อน ::
  ล็อกอิน

รายการสื่อสารสนเทศ

ลำดับที่ ประเภท เลขเรียก/บาร์โค้ด สถานที่ สถานะ
1. วิทยาศาสตร์การแพทย์ และสุขภาพ
หนังสือสำรอง
สถานะ=หนังสือสำรอง
WY157 ก437 ฉ.1 
  Barcode: 004387
ห้องสมุดวิทยาเขตสวรรค์ประชารักษ์
►หนังสือทั่วไป
บนชั้น
2. วิทยาศาสตร์การแพทย์ และสุขภาพ
วิทยาศาสตร์การแพทย์ และสุขภาพ
WY157 ก437 ฉ.2 
  Barcode: 004388
ห้องสมุดวิทยาเขตสวรรค์ประชารักษ์
►หนังสือทั่วไป
บนชั้น

รายการใกล้เคียง
    หัวเรื่อง [การคลอด]
    หัวเรื่อง [การพยาบาลสูติศาสตร์]
    หัวเรื่อง [ความเจ็บปวด]

BibComment


ยังไม่เคยถูกคอมเมนท์

คอมเมนท์ทรัพยากรรายการนี้
  คอมเมนท์: การพยาบาลและการผ..


 Copyright 2026. Bcnsprnw @Library